| 000 | 00978cam a2200301 a 4500 | ||
|---|---|---|---|
| 001 | 17075093 | ||
| 005 | 20250401143115.0 | ||
| 008 | 110910s2011 ii a b 000 0 eng | ||
| 010 | _a 2011351402 | ||
| 020 | _a9788171888603 | ||
| 025 | _aI-E-2011-351402; 79-91 | ||
| 035 | _a(IN-NdUBS) 2011351402 | ||
| 041 | _aeng | ||
| 042 |
_alcode _apcc |
||
| 082 | _a658.4036 DOD | ||
| 100 | 1 | _aDodge, Cole P. | |
| 245 | 1 | 0 | _aChanging Minds : A Guide To Facilitated Participatory Planning |
| 260 |
_aNew Delhi : _bAcademic Foundation ; _aOttawa, Ont. : _bInternational Development Research Centre, _c2011. |
||
| 300 |
_a192 p. : _bill. ; _c23 cm. |
||
| 504 | _aIncludes bibliographical references (p. 191-192). | ||
| 650 | 0 | _aGroup facilitation | |
| 650 | 0 | _aEmployees | |
| 650 | 0 | _aInterorganizational relations | |
| 700 | 1 | _aBennett, Gavin. | |
| 906 |
_a7 _bcbc _corigode _d3 _encip _f20 _gy-gencatlg |
||
| 942 | _cBK | ||
| 999 |
_c43501 _d43501 |
||